|
|
|
|
| LEADER |
00599cam a2200205 7i4500 |
| 001 |
0000004319 |
| 005 |
19991025090000.0 |
| 002 |
##000005794 |
| 020 |
0 |
0 |
|a 0-86442-246-6
|
| 090 |
0 |
0 |
|a EU.E 910.202
|b STA
|
| 100 |
1 |
0 |
|a Stanley, David
|
| 245 |
1 |
0 |
|a Eastern Europe :
|b a Lonely Planet shoestring guide.
|
| 250 |
0 |
0 |
|a 3rd ed..
|
| 260 |
0 |
0 |
|a Hawthorn:
|b Lonely Planet,
|c 1995.
|
| 300 |
0 |
0 |
|a 914 p..
|
| 440 |
0 |
0 |
|a Lonely Planet on a shoestring
|
| 500 |
0 |
0 |
|a Includes maps
|
| 650 |
0 |
0 |
|a Eastern Europe --
|x Guidebooks
|
| 651 |
0 |
0 |
|a Eastern Europe
|
| 999 |
|
|
|a 0000006527
|b Book
|c Open shelf
|e Business Information Centre
|